| 000 | 01207nam a2200253 a 4500 | ||
|---|---|---|---|
| 001 | 79292 | ||
| 003 | BD-RjUL | ||
| 005 | 20220131120112.0 | ||
| 008 | 030627s1956 ua 000 0 ara d | ||
| 035 | _a(BD-RjUL)79292 | ||
| 040 |
_aTAU _beng _cBD-RjUL |
||
| 041 | 0 | _aara | |
| 082 |
_223 _a946.02 _bANA 1956 |
||
| 100 | 1 |
_aابن الخطيب ;;،Ibn al-Khatib _dم. ١٣٧٤ _91021 |
|
| 245 | 1 | 2 |
_aالاحاطة في اخبار غرناطة ;; al ahatat fi akhbar gharnatat / _clilisan al diyn bn al khataybi; haqaqah wa qadam lah muhamad abd allah anan ;; للسان الدين بن الخطيب؛ حققه وقدم له محمد عبد الله |
| 260 |
_aمصر : misr : _bدار المعارف، Dar al Muaref , _c[١٩٥٦]1956 |
||
| 300 |
_a-- مجلد (في المكتبة : v. ; _bالمجلد الاول فقط) _c22 cm |
||
| 651 | 4 |
_aGranada (Spain : Reino) _xHistory _91023 |
|
| 651 | 4 |
_aGranada (Spain : Reino) _vBiography _91024 |
|
| 700 | 1 |
_aعنان، محمد عبد الله، ;; Annan, Muhammad Abdullah, _d١٨٩٦-١٩٨٦ _91025 |
|
| 830 | 0 |
_aArab ammunition ;; ذخائر العرب _91026 |
|
| 942 |
_2ddc _cBK |
||
| 999 |
_c79292 _d79292 |
||